Sociology an intro / (Record no. 64866)
[ view plain ]
| 000 -LEADER | |
|---|---|
| fixed length control field | 00452nam a22001457a 4500 |
| 005 - DATE AND TIME OF LATEST TRANSACTION | |
| control field | 20120411131349.0 |
| 020 ## - INTERNATIONAL STANDARD BOOK NUMBER | |
| Terms of availability | 00.00 |
| 035 ## - SYSTEM CONTROL NUMBER | |
| System control number | 569416 |
| 037 ## - SOURCE OF ACQUISITION | |
| Stock number | DPL |
| Source of stock number/acquisition | ENG |
| 100 ## - MAIN ENTRY--PERSONAL NAME | |
| Personal name | Smelson, M. |
| 245 ## - TITLE STATEMENT | |
| Title | Sociology an intro / |
| Statement of responsibility, etc | by M. Smelson |
| 300 ## - PHYSICAL DESCRIPTION | |
| Extent | 744p. |
| Dimensions | 18 cms. |
| 942 ## - ADDED ENTRY ELEMENTS (KOHA) | |
| Source of classification or shelving scheme | Dewey Decimal Classification |
| Item type | English Books |
| Classification part | 301 |
| Call number suffix | SMI |
| Withdrawn status | Lost status | Not for loan | Collection code | Home library | Current library | Date acquired | Cost, normal purchase price | Full call number | Barcode | Cost, replacement price | Koha item type |
|---|---|---|---|---|---|---|---|---|---|---|---|
| Non-fiction | Sarojini Nagar | Sarojini Nagar | 11/04/2012 | 0.00 | 301 SMI | 569416 | 0.00 | English Books |
